| 000 | 00492nam a22001937a 4500 | ||
|---|---|---|---|
| 003 | LK-CoDNM | ||
| 005 | 20250117150334.0 | ||
| 008 | 250116b |||||||| |||| 00| 0 eng d | ||
| 040 |
_aLK-CoDNM _dLK-CoDNM _eLK-CoDNM |
||
| 041 | _aeng | ||
| 080 |
_a11 _bO18 |
||
| 100 | _aE. Bonavia, M.D. | ||
| 245 | _aThe cultivated oranges and lemons etc. of India and Ceylon | ||
| 260 |
_c1890 _aLondon _bW.H. Allen |
||
| 300 | _b782p. ; 25 cm | ||
| 650 | _aScience | ||
| 650 | _a1890 | ||
| 942 | _cBK | ||
| 999 |
_c236898 _d236898 |
||